000 00590nam a2200241Ia 4500
003 OSt
005 20221005114350.0
006 a|||||r|||| 00| 0
007 ta
008 221004b |||||||| |||| 00| 0 tam d
024 _a47054
037 _cTextual
040 _aCRL
_cCRL
_btam
041 _2tam
_atam
082 _aDelta25xM23,1:g, 31K2
100 _aKapilan
_9625856
245 0 _aArulamudham
260 _c1962
300 _a112
_ccm.
650 _aMYSTICISM
942 _hDelta25xM23,1:g, 31K2
_cTEXL
_2cc
999 _c1031109
_d1031109